Hyderabad Farkhunda Buniyad, Glory of Ancient Hyderabad (Record no. 14539)

MARC details
000 -LEADER
fixed length control field 00601nam a2200241 a 4500
020 ## - INTERNATIONAL STANDARD BOOK NUMBER
ISBN
082 00 - DEWEY DECIMAL CLASSIFICATION NUMBER
Classification number 954.84
Author Cutter PRA2
100 ## - MAIN ENTRY--AUTHOR NAME
Author name Prashad, Mohan
245 ## - TITLE STATEMENT
Title Hyderabad Farkhunda Buniyad, Glory of Ancient Hyderabad
260 ## - PUBLICATION, DISTRIBUTION, ETC. (IMPRINT)
Place of publication Hyderabad
Name of publisher Idara-E-ilmia
Year of publication 2001
300 ## - PHYSICAL DESCRIPTION
Number of Pages 300p
500 ## - GENERAL NOTE
General note includes index and biblioraphy
505 2# - FORMATTED CONTENTS NOTE
Formatted contents note Index
650 ## - SUBJECT ADDED ENTRY--TOPICAL TERM
Topical Term Hyderabad-History-Nizam
650 ## - SUBJECT ADDED ENTRY--TOPICAL TERM
Topical Term Nizams
942 ## - ADDED ENTRY ELEMENTS (KOHA)
Koha item type Books
Holdings
Collection code Home library Current library Date acquired Cost, normal purchase price Full call number Accession Number Koha item type
  Henry Martyn Institute Library Henry Martyn Institute Library 05/29/2007 200.00 954.84 PRA2 020095 Books
                   Copyright © 2026 | Henry Martyn Institute | Hyderabad | TS-500052 | INDIA | Implemented by hmi.edu.in
Hit-Count:

Powered by Koha